Antecedentes sobre el financiamiento y la eficiencia de la educación superior en Chile
I tiakina i:
| Ngā kaituhi matua: | , |
|---|---|
| Hōputu: | Pukapuka |
| Reo: | Pāniora |
| I whakaputaina: |
Santiago
CPU
1989
|
| Rangatū: | Documento de trabajo, 5
|
| Ngā marau: | |
| Ngā Tūtohu: |
Tāpirihia he Tūtohu
Kāore He Tūtohu, Me noho koe te mea tuatahi ki te tūtohu i tēnei pūkete!
|
MARC
| LEADER | 00000nam a2200000 a 4500 | ||
|---|---|---|---|
| 001 | UCW5866 | ||
| 003 | CL-VaPUC | ||
| 008 | 910816e19890000CL |||||||||||||||||spa|d | ||
| 082 | 0 | 4 | |a 378.02 |b LAV |2 21 |
| 100 | |a Lavados Montes, Hugo |e author |9 616728 | ||
| 700 | 0 | |a Gutiérrez, Raúl |e author |9 310927 | |
| 245 | 1 | 0 | |a Antecedentes sobre el financiamiento y la eficiencia de la educación superior en Chile |
| 300 | |a 38 p | ||
| 942 | |c BK | ||
| 945 | |d 19910816 00:00:00 | ||
| 260 | |a Santiago |b CPU |c 1989 | ||
| 650 | 0 | |a Educación superior |9 223851 | |
| 650 | 0 | |a Aspectos económicos |9 255165 | |
| 651 | 7 | |a CHILE |2 CL-VaPUC |9 310928 | |
| 583 | |a last modification |c 20170727 04:31:06 |k Rodrigo Vera | ||
| 490 | 0 | |a Documento de trabajo, 5 | |
| 999 | |c 219178 |d 219176 | ||
| 952 | |0 0 |1 0 |4 0 |6 378_020000000000000_LAV_1989 |7 0 |8 P |9 209767 |a BIBEDU |b BIBEDU |c BIBEDU_PB |d 2019-11-15 |i 2776472 |o 378.02 LAV 1989 |p 2776472 |r 2024-01-25 |w 2019-11-15 |y BK |k EDU | ||